000 00636nam a22002057a 4500
005 20251108164312.0
008 250721s1990 xx 000 0 ara d
082 1 4 _a355.3432/ايز
100 1 _aايزنبرغ، دينيس
245 1 0 _aالموساد :
_bجهاز المخابرات الإسرائيلية السري /
250 _aط5.
264 1 _aبيروت :
_bالمؤسسة العربية للدراسات والنشر،
_c1990.
300 _a189ص
490 0 _aاعرف عدوك
650 1 7 _aالموساد
700 1 _aلاندو، ايلي
700 1 _aدان، اوري
942 _2ddc
_cBK
999 _c8769
_d8769